Statistiche per Famiglie Di Harry Potter

Clicka qui per fare il quiz!

Statistiche generali

  • Questo quiz è stato fatto 671 volte
    (670 dall'ultimo reset)
  • Il punteggio medio è 37 su 64

Statistiche sulle risposte

CognomeNome% Corretto
PotterHarry
100%
James
98%
Lily
98%
Ron
98%
SilenteAlbus
96%
Draco
95%
Ginny
95%
Potter (2ª gen.)James Sirius
95%
Fred
94%
Fred II
94%
George
94%
BlackSirius
93%
Lily Luna
92%
PaciockNeville
92%
LovegoodLuna
90%
MalfoyLucius
89%
Albus Severus
85%
Cedric
85%
Molly
83%
Molly
83%
WeasleyPercy
82%
Arthur
81%
LupinRemus
79%
Narcissa
78%
Bill
76%
DelacourFleur
75%
Petunia
74%
Dudley
73%
DurselyVernon
71%
Charlie
70%
TonksNymphadora
68%
Priscilla
59%
Aberforth
53%
Padma
50%
Ariana
49%
Regulus
49%
Ted
48%
Rose
46%
Malfoy (2ª gen.)Scorpius
45%
Marge
43%
Xenophilius
42%
DiggoryAmos
41%
Alice
39%
Frank
36%
PatilCalì
35%
Hugo
34%
CorvoneroHelena
33%
Teddy
31%
GauntOrvoloson
28%
Merope
27%
Andromeda
26%
Gabrielle
24%
CarrowAlecto
19%
Augusta
19%
Victoire
19%
Kendra
18%
Percival
18%
Amycus
17%
Weasley (2ª gen.)Dominique
14%
Louis
14%
Lucy
13%
Orfin
13%
Phineas Nigellus
13%
Roxane
7%

Distribuzione punteggi

Percentile per numero di risposta

Percentuale di utenti per punteggio

I tuoi punteggi nel tempo

Non hai fatto questo quiz dall'ultimo reset